El cuento : siglos XIX y XX : selección de cuentos del siglo XIX y XX : de Manuel Payno a José Agustín /

Obra en 14 volúmenes que presenta una selección de obras y biografías de autores de la narrativa, poesía, ensayo y literatura indígena de México. Los títulos que la componen son: 1) La narrativa contemporánea I; 2) La novela de la Revolución; 3) La narrativa contemporánea II; 4) Literaturas indígena...

詳細記述

保存先:
書誌詳細
その他の著者: Payno, Manuel (autor) (autor), Cortés, Jaime Erasto (selección) (selección)
フォーマット: 図書
言語:スペイン語
出版事項: México : Promexa, 1991, c1991
版:2a edición
シリーズ:(Gran Colección de la Literatura Mexicana)
主題:
タグ: タグ追加
タグなし, このレコードへの初めてのタグを付けませんか!

MARC

LEADER 00000nam^a2200000^a^4500
001 000416904
005 20250526000000.0
009 20260310122336.304
020 |a 968-39-0636-2 
020 |a 968-39-0632-X 
037 |a Acervo ITESO - Biblioteca 
041 |a ESP 
082 |a 860. 972  |b GRA V. 8 
240 1 1 |a [Gran colección de la literatura mexicana] 
245 0 3 |a El cuento :  |b siglos XIX y XX : selección de cuentos del siglo XIX y XX : de Manuel Payno a José Agustín /  |c M. Payno … [et al.] ; presen. y selec. de J.E. Cortés. 
246 2 |a Título en la cubierta: Clásicos de la literatura mexicana: el cuento: siglos XIX y XX 
250 |a 2a edición 
264 4 |a México :  |b Promexa,  |c 1991, c1991 
300 |a X, 643 p. :  |b tapa dura ;  |c 21.5 cm. 
336 |a texto  |b txt  |2 rdacontenido 
337 |a sin mediación  |b n  |2 rdamedio 
338 |a volumen  |b nc  |2 rdasoporte 
440 1 |a (Gran Colección de la Literatura Mexicana) 
520 |a Obra en 14 volúmenes que presenta una selección de obras y biografías de autores de la narrativa, poesía, ensayo y literatura indígena de México. Los títulos que la componen son: 1) La narrativa contemporánea I; 2) La novela de la Revolución; 3) La narrativa contemporánea II; 4) Literaturas indígenas; 5) Literatura de la Colonia; 6) La novela histórica y de folletín; 7) Los cronistas: conquista y Colonia; 8) El cuento: siglos XIX y XX; 9) La novela de aventuras; 10) Los relatos de costumbres; 11) Las primeras novelas; 12) La novela realista; 13) El ensayo: siglos XIX y XX; 14) La poesía: siglos XIX y XX. 
649 |a XX 
650 |a Escritores Mexicanos -  |x Biografías 
650 |a Artistas Mexicanos -  |x Biografías 
650 |a Cuentos Mexicanos -  |x Tema Principal 
650 |a Literatura Mexicana -  |y Siglo XIX 
650 |a Literatura Mexicana -  |y Siglo XX 
650 |a Literatura Mexicana -  |x Historia y Crítica 
650 |a Literatura Mexicana -  |x Tema Principal 
650 |a Literatura -  |x Colecciones 
700 |a Payno, Manuel  |e (autor) 
700 |a Cortés, Jaime Erasto  |e (selección) 
910 |a Fondo Alfonso de Alba Martín 
920 |a Impresos - Libros 
930 |a Libros Antiguos y Raros 
940 |a Literatura 
905 |a 125 
901 |a 416904001  |b IT2  |c LRA  |i D100078  |u 20250526 
901 |a 416904002  |b IT2  |c LRA  |i D100079  |u 20250526 
902 |a https://opac.biblio.iteso.mx/vufind/Record/000416904